| 000 | 00547nam a2200193Ia 4500 | ||
|---|---|---|---|
| 003 | OSt | ||
| 005 | 20250715113200.0 | ||
| 008 | 210210b1982 xxu||||| |||| 00| 0 eng d | ||
| 040 | _cAL | ||
| 041 | _aKannada | ||
| 082 | _aK894.1 SUBM | ||
| 100 |
_aSUBRAYA CHOKKADI. _dಸುಬ್ರಾಯ ಚೊಕ್ಕಡಿ _9218786 |
||
| 245 |
_aMonne sikkavaru. _bಮೊನ್ನೆ ಸಿಕ್ಕವರು. |
||
| 260 |
_aSagara _bAkshara Prakashana _c1982 |
||
| 300 | _a88 | ||
| 690 |
_aKannada Poetry _9218787 |
||
| 906 | _a051769 | ||
| 942 |
_2ddc _cBK |
||
| 999 |
_c100137 _d100137 |
||